Le soleil - quiz - Statistiques

Statistiques générales
  • Ce quiz a été pris 37 fois
  • Le résultat moyen est 3 sur 8
Statistiques - réponses
Hint Réponse % Correct
couleur réelle blanc
92%
température au centre (en C°) 15 000 000
47%
distance soleil-terre (en km) arrondie au million 150 000 000
39%
âge (en milliards) 4,6
33%
température à la surface (en C°) 5500
31%
2 gaz principaux qui le composent hydrogène et hélium
31%
type d'étoile naine jaune
28%
diamètre (en km) arrondi au millier 1 400 000
25%
Aucun quiz correspondant
Distribution des résultats
% des personnes avec chaque résultat
Percentile par nombre de réponses
Votre historique - résultats
Vous n’avez pas pris ce quiz